| 000 | 01406 a2200229 4500 | ||
|---|---|---|---|
| 001 | 45575 | ||
| 005 | 20260407155728.0 | ||
| 008 | 260407a1965 arg spa d | ||
| 003 | AR-UNSa-BCEJYS | ||
| 040 |
_aAR-UNSa-BCEJYS _bspa _cAR-UNSa-BCEJYS |
||
| 080 |
_a338.3 _xProducción |
||
| 245 | 1 | 0 |
_aProducción de mercancías por medio de mercancías _ppreludio a una crítica de la Teoría Económica |
| 264 | 1 |
_aBarcelona : _bOikos-tau _c1965 |
|
| 300 |
_a137 p. _c21 cm. |
||
| 505 | _aParte I : INDUSTRIAS DE PRODUCTOS SIMPLES Y CAPITAL CIRCULANTE : 1. Producción de subsistencia – 2. Producción con un excédete – 3. Producciones entre el trabajo y los medios de producción – 4. La mercancía patrón – 5. Carácter único del sistema patrón – 6. Reducción a cantidades de trabajo fechadas - - Parte II : INDUSTRIAS DE PRODUCTOS MÚLTIPLES Y CAPITAL FIJO : 7. Producción conjunta – 8. El sistema patrón con productos conjuntos – 9. Otros efectos de la producción conjunta – 10. Capital fijo – 11. Tierra - - Parte III : DESPLAZAMIENTO EN LOS MÉTODOS DE PRODUCCIÓN : 12. Desplazamiento en los métodos de producción. | ||
| 041 | _aspa | ||
| 942 | _cBK | ||
| 590 | _aniveau_biblio:m niveau_hierar:0 | ||
| 100 | 1 | _aSraffa, Piero | |
| 700 | 1 | _aRojo Duque, Luis Ángel | |
| 856 | 4 | 1 |
_uhttps://www.biblioeco.unsa.edu.ar/pmb/images/libros/L26737.jpg _yImagen de portada _qimage/jpeg |
| 999 |
_c3975 _d3975 |
||